Canada-- Manitoba non-renewable resource evaluation program (NREP) : 2nd annual report, 1976-1977 : part A, technical reports /

Bibliographic Details
Corporate Authors: Canada. Department of Energy, Mines and Resources, Manitoba. Department of Mines, Resources and Environmental Management
Format: Book
Language:English
Published: [Ottawa] : Canada Dept. of Energy, Mines and Resources, [1977?]
Subjects:

MARC

Tag First Indicator Second Indicator Subfields
LEADER 00000cam a2200000 a 4500
001 in00000071335
005 20151008062154.0
008 790302s1977 onca b f00010 engm
010 |a  79302864  
015 |a C*** 
035 |a (OCoLC)04776552 
035 |9 AAJ9665AM 
040 |a DLC  |c DLC  |d m.c.  |d TXA  |d UtOrBLW 
043 |a n-cn-mb 
049 |a TXAM  |c [1195695] 
050 0 0 |a TN27.M3  |b C35 1977 
082 0 |a 553/.097127 
110 1 |a Canada.  |b Department of Energy, Mines and Resources. 
245 1 0 |a Canada-- Manitoba non-renewable resource evaluation program (NREP) :  |b 2nd annual report, 1976-1977 : part A, technical reports /  |c Canada Department of Energy, Mines and Resources, Manitoba Department of Mines, Resources and Environmental Management. 
264 1 |a [Ottawa] :  |b Canada Dept. of Energy, Mines and Resources,  |c [1977?] 
300 |a 90 pages :  |b illustrations ;  |c 28 cm. 
336 |a text  |b txt  |2 rdacontent 
337 |a unmediated  |b n  |2 rdamedia 
338 |a volume  |b nc  |2 rdacarrier 
504 |a Includes bibliographies. 
650 0 |a Mines and mineral resources  |z Manitoba. 
710 1 |a Manitoba.  |b Department of Mines, Resources and Environmental Management. 
999 |a MARS 
999 f f |s 03151686-3705-3c48-bbc7-af4de1520a64  |i 5a137023-457c-346f-a4ff-4b0ad6d29424  |t 0 
952 f f |p ric  |a Texas A&M University  |b Rellis Campus  |c Joint Library Facility  |d Remote Storage  |t 0  |e TN27.M3 C35 1977  |h Library of Congress classification  |i unmediated -- volume  |m A14806254646 
998 f f |a TN27.M3 C35 1977  |t 0  |l Remote Storage